00359nam a2200121Ia 4500008004000000082001300040100004200053245002600095250000500121260005600126300001200182650004300194210210b1996 xxu||||| |||| 00| 0 eng d a574 MURT aMURTHY (K V N) and MOHAN (Narayanan). aText book of biology. a aBangalore.bExcellent Educational Enterprisesc1996 axix,739 aBotany, Zoology, Genetics, Histology